000 00528nam a22001697a 4500
005 20251108165309.0
008 250721s1977 xx 000 0 ara d
082 1 4 _a956.52/سال
100 1 _aالكسواني، سالم
245 1 0 _aالمركز القانوني لمدينة القدس /
264 1 _aعمان :
_bجمعية عمال المطابع التعاونيه،
_c1977.
300 _a550ص :19ص.
650 1 7 _aتاريخ فلسطين
650 1 7 _aتاريخ القدس
942 _2ddc
_cBK
999 _c24447
_d24447